<?xml version="1.0" encoding="UTF-8"?><?xml-stylesheet type="text/xsl" href="static/style.xsl"?><OAI-PMH xmlns="http://www.openarchives.org/OAI/2.0/" xmlns:xsi="http://www.w3.org/2001/XMLSchema-instance" xsi:schemaLocation="http://www.openarchives.org/OAI/2.0/ http://www.openarchives.org/OAI/2.0/OAI-PMH.xsd"><responseDate>2026-06-06T18:19:31Z</responseDate><request verb="GetRecord" identifier="oai:riuma.uma.es:10630/26748" metadataPrefix="marc">https://riuma.uma.es/rest/oai/request</request><GetRecord><record><header><identifier>oai:riuma.uma.es:10630/26748</identifier><datestamp>2026-02-03T12:53:20Z</datestamp><setSpec>com_10630_25813</setSpec><setSpec>com_10630_3139</setSpec><setSpec>com_10630_10</setSpec><setSpec>col_10630_25834</setSpec></header><metadata><record xmlns="http://www.loc.gov/MARC21/slim" xmlns:dcterms="http://purl.org/dc/terms/" xmlns:doc="http://www.lyncode.com/xoai" xmlns:xsi="http://www.w3.org/2001/XMLSchema-instance" xsi:schemaLocation="http://www.loc.gov/MARC21/slim http://www.loc.gov/standards/marcxml/schema/MARC21slim.xsd">
   <leader>00925njm 22002777a 4500</leader>
   <datafield ind2=" " ind1=" " tag="042">
      <subfield code="a">dc</subfield>
   </datafield>
   <datafield ind2=" " ind1=" " tag="720">
      <subfield code="a">Alba, José Luis</subfield>
      <subfield code="e">author</subfield>
   </datafield>
   <datafield ind2=" " ind1=" " tag="720">
      <subfield code="a">Burgués Bargués, Montse</subfield>
      <subfield code="e">author</subfield>
   </datafield>
   <datafield ind2=" " ind1=" " tag="720">
      <subfield code="a">López Morales, José</subfield>
      <subfield code="e">author</subfield>
   </datafield>
   <datafield ind2=" " ind1=" " tag="720">
      <subfield code="a">Alcázar González, Monserrat</subfield>
      <subfield code="e">author</subfield>
   </datafield>
   <datafield ind2=" " ind1=" " tag="720">
      <subfield code="a">Baró i Xipell, Ventura</subfield>
      <subfield code="e">author</subfield>
   </datafield>
   <datafield ind2=" " ind1=" " tag="720">
      <subfield code="a">Garrido Genovés, Vicente</subfield>
      <subfield code="e">author</subfield>
   </datafield>
   <datafield ind2=" " ind1=" " tag="720">
      <subfield code="a">López, María Jesús</subfield>
      <subfield code="e">author</subfield>
   </datafield>
   <datafield ind2=" " ind1=" " tag="260">
      <subfield code="c">2007-06-20</subfield>
   </datafield>
   <datafield ind2=" " ind1=" " tag="520">
      <subfield code="a">El Programa del pensamiento prosocial (PPS) ha demostrado su efectividad en la reducción de la reincidencia juvenil en numerosos estudios nacionales e internacionales rigurosamente evaluados. En nuestro país, ha sido el equipo de medio abierto de Lérida, en colaboración con la Universidad de Valencia, quienes han realizado una adaptación a la población española de la versión corta del programa: el Programa del pensamiento prosocial versión corta para jóvenes (PPS-VCJ). Desde hace tres años, este programa ha sido el tratamiento impartido a aquellos jóvenes delincuentes que cumplen medidas judiciales comunitarias en la provincia de Lérida, tales como libertades vigiladas, tareas socioeducativas y prestaciones comunitarias. Este trabajo presenta los resultados derivados de la aplicación del programa a jóvenes delincuentes durante el año 2006.</subfield>
   </datafield>
   <datafield ind1="8" ind2=" " tag="024">
      <subfield code="a">Alba, J. L., Burgués Bargués, M., López Morales, J., Alcázar González, M., Baró i Xipell, V., Garrido Genovés, V., &amp; López, M. J. (2007). El programa del pensamiento prosocial versión corta para jóvenes. Tercera aplicación en medio abierto. Boletín Criminológico, (13). https://doi.org/10.24310/Boletin-criminologico.2007.v13i.8762</subfield>
   </datafield>
   <datafield ind1="8" ind2=" " tag="024">
      <subfield code="a">https://hdl.handle.net/10630/26748</subfield>
   </datafield>
   <datafield ind1="8" ind2=" " tag="024">
      <subfield code="a">https://doi.org/10.24310/Boletin-criminologico.2007.v13i.8762</subfield>
   </datafield>
   <datafield tag="653" ind2=" " ind1=" ">
      <subfield code="a">Tribunales de menores</subfield>
   </datafield>
   <datafield tag="653" ind2=" " ind1=" ">
      <subfield code="a">Delincuencia juvenil</subfield>
   </datafield>
   <datafield ind2="0" ind1="0" tag="245">
      <subfield code="a">El programa del pensamiento prosocial versión corta para jóvenes. Tercera aplicación en medio abierto.</subfield>
   </datafield>
</record>
</metadata></record></GetRecord></OAI-PMH>